MDQL
is popping MORE tags! Check the
thread
!
Quizzes
Events
Quiz Creation
Community
Videos
Private Events
Remove Ads
Sign In
Join for FREE
Feedback
Dark Mode
Quiz Categories
Sports
Geography
Music
Movies
Television
Just For Fun
Miscellaneous
History
Literature
Language
Science
Gaming
Entertainment
Religion
Holiday
For Kids
Quiz Lab
Recent
Popular Today
Quiz Kudos Today
Editor Picks
Curator Picks
Quizzes by...
Day
Popularity
Type
Ratings
Length
Year
Community
Subscriptions
Recent Discussions
Orange Saloon
Badges
Playlists
Quests
Create
Leaderboards
Showdown
Live 5
Trivia Bingo
Activity
Puzzle Library
Sporcle Events
Private Events
Virtual Trivia
Globe League
Become a Host
Pub Owners
SporcleCon
Opinionation
Our Games
Videos
Blog
Mobile Apps
Partnerships
Remove Ads and Go Orange
Feedback
Science
Computer
Plants
Astronomy
Chemistry
Elements
Math
Animal
Physics
Anatomy
Biology
Geology
General Science
Science
Computer
Plants
Astronomy
Chemistry
Elements
Math
Animal
Physics
Anatomy
Biology
Geology
General Science
Random Quiz
Search Sporcle
×
Quiz Lab
Quiz Lab
Science
Pathway
Type in answers that appear in a list
Type in answers that appear in a list
Classic
Best Score? Go Orange.
Urinary System Trace Stats
Can you name the Urinary System Trace?
By
fallen_feathers7
20m
25 Questions
55 Plays
55 Plays
55 Plays
Comments
Comments
Give Quiz Kudos
Give Quiz Kudos
-
- Ratings
hide this ad
More Info
Forced Order
Answers have to be entered in order
Answers have to be entered in order
Replay
Link that replays current quiz
Next Quiz
Link to next quiz in quiz playlist
You Got
0%
They Got
Avg Score
18%
Avg Friend Score
Upgrade to see
Score Distribution
Jump to the score distribution portion of the page
Score
0/25
Timer
20:00
0
Plays Today
Hints
Pathway
% Correct
Which is part of this organ...
Kidney
90.9%
Starts in the
Renal artery
60%
Blood plasma filters here...
Renal cortex
34.5%
Then...
Interlobular artery
21.8%
Then...
Afferent arteriole
20%
Then...
Glomerulus
20%
Then...
Proximal convoluted tubule
18.2%
Then...
Urinary Bladder
16.4%
Then...
Urethra
16.4%
Then...
Glomerular capsule
14.5%
Then...
Nephron Loop
12.7%
Then...
Distal convoluted tubule
12.7%
Then...
Ureters
12.7%
Hints
Pathway
% Correct
This has a capacity of what?
1 liter
12.7%
Then...
Internal urethral sphincter
12.7%
This is made of
Smooth muscle
12.7%
This is where what happens?
Water reabsorption
10.9%
Then...
Medulla
10.9%
Then...
Renal pyramids
10.9%
Then...
Renal papillae
10.9%
Then...
Calyx
9.1%
Then...
External urethral sphincter
9.1%
Then...
Collecting tubule
7.3%
Then...
Collecting ducts
7.3%
Then...
Renal Pelvis
7.3%
Quiz Playlist
Details
Report
Send in Message
Add To Playlist
More Info:
Trace Urine through the urinary system of the body.
Classic:
Type in answers that appear in a list
Forced Order:
Answers have to be entered in order
Last Updated: Feb 16, 2017
Quiz Scoreboard
CHALLENGE
Sign Up to Join the Scoreboard
Show All
Scores
Hide
Comments
May contain spoilers
Recently Published
Two Season TV Shows II
by 123Four
Television
10m
Image Sorting: Flags VI
by Barbecue
Geography
2m
Find the 'City' Movie
by crazypaving
Movies
60s
More to Explore
Quiz From the Vault
Featured Blog Post
14 Easter Pick-up Lines to Find Eggs With
hide this ad
You Might Also Like...
Tags
Pathway
System
trace
Today's Top Quizzes in Science
Browse Science
hide this ad
Today's Top Quizzes in Pathway
Browse Pathway
Top Contributed Quizzes in Science
1
Windmill: Elements
2
200 Vogels in Nederland
3
Square Numbers Scrambled (1-50)
4
Elements In Images
5
Glycolysis
6
Count to 60
7
perfect squares 1-25
8
17 TIMES TABLE
9
Quick Pick: 'CI-CJ' Animals
10
4-letter Elementary Words III
Explore More
Trending Topics
Marvel
Anime
Disney
NBA
Harry Potter
Kpop
Crossword
Pokémon
Soccer
Puzzle
NFL
The Office
Song
Country
WWE
hide this ad
More By:
fallen_feathers7
Quiz
Plays
Rating
Category
Featured
Created
Renaissance to Realism Art History Artists
884
3.33
History
May 1, 2011
Renaissance Art-Artists
126
2.67
History
Feb 24, 2011
Respiratory System Trace
66
Science
May 7, 2012
Circulatory System
63
Science
Apr 24, 2012
Digestive System Trace
62
Science
May 7, 2012
Go to Creator's Profile
Score Distribution
Quiz Creator Spotlight
fallen_feathers7
Follow
Send a Message
Quizzes Created
-
Created Quiz Play Count
-
More By This Creator
Popular Quizzes Today
1
Find the US States - No Outlines Minefield
2
Colored Red Africa Blitz
3
Find the 'City' Movie
4
5x2 Blitz: Bands
5
The Countries of the World
6
Find the Countries of Europe - No Outlines Minefield
7
Find the US States
8
US States
More Science Quizzes
Science Crossword: Infection
Quiz Lab
Trending Quizzes
Colored Red Europe Blitz I
Colored Red Africa Blitz II
Colored Red Europe Blitz II
Colored Red Africa Blitz III
Colored Red Europe Blitz III
Recently Updated
How Do You Spell That?
pecheneg
Godzilla Movies
pecheneg
Grab Bag: 4-10 Letters
pecheneg
2024 March Madness Bracket
pecheneg
Famous TV Couples
Peacemaker
Champions League XIs: Real Madrid
pecheneg
Largest US Cities 1790-2010
pecheneg
Rides in Walt Disney World
pecheneg
Most Oscar Losses (Acting)
pecheneg
Beyoncé Albums
pecheneg
Trending Topics
Harry Potter
Crossword
Marvel
Kpop
Disney
NBA
Anime
Song
The Office
Country
Pokémon
Soccer
WWE
NFL
Puzzle
Your Account Isn't Verified!
In order to create a playlist on Sporcle, you need to verify the email address you used during registration. Go to your
Sporcle Settings
to finish the process.
Report this User
Report this user for behavior that violates our
Community Guidelines
.
Details:
Send Report
Go to the Sporcle.com Mobile Site →
Comments